Tiểu thuyết Phương Tây thế kỉ XVIII

Nghiên cứu các giá trị nội dung và nghệ thuật của tiểu thuyết phương Tây thế kỉ XVIII, được chia làm 4 phần; Tiểu thuyết phương Tây thế kỉ XVIII; Tiểu thuyết Pháp thế kỉ XVIII; Tiểu thuyết Anh thế kỉ XVIII; Tiểu thuyết Đức thế kỉ XVIII...

Descrición completa

Gardado en:
Detalles Bibliográficos
Autor Principal: Lê, Nguyên Cẩn
Formato: Libro
Idioma:Undetermined
Publicado: H. Đại học Quốc gia Tp. Hồ Chí Minh 2014
Những chủ đề:
Acceso en liña:http://lrc.tdmu.edu.vn/opac/search/detail.asp?aID=2&ID=24780
Các nhãn: Engadir etiqueta
Sen Etiquetas, Sexa o primeiro en etiquetar este rexistro!
Thư viện lưu trữ: Trung tâm Học liệu Trường Đại học Thủ Dầu Một
LEADER 01136nam a2200205Ia 4500
001 TDMU_24780
008 210410s9999 xx 000 0 und d
082 |a 808.83033 
090 |b L250 
100 |a Lê, Nguyên Cẩn 
245 0 |a Tiểu thuyết Phương Tây thế kỉ XVIII 
245 0 |c Lê Nguyên Cẩn 
260 |a H. 
260 |b Đại học Quốc gia Tp. Hồ Chí Minh 
260 |c 2014 
300 |a 483tr. 
520 |a Nghiên cứu các giá trị nội dung và nghệ thuật của tiểu thuyết phương Tây thế kỉ XVIII, được chia làm 4 phần; Tiểu thuyết phương Tây thế kỉ XVIII; Tiểu thuyết Pháp thế kỉ XVIII; Tiểu thuyết Anh thế kỉ XVIII; Tiểu thuyết Đức thế kỉ XVIII 
650 |a Tiểu thuyết Phương Tây  |x Lịch sử và phê bình  |y Thế kỉ XVII; Tiểu thuyết Phương Tây  |x Nghiên cứu 
856 |u http://lrc.tdmu.edu.vn/opac/search/detail.asp?aID=2&ID=24780 
980 |a Trung tâm Học liệu Trường Đại học Thủ Dầu Một